ՀՀ Գիտությունների ազգային ակադեմիայի հիմնարար գիտական գրադարան  =   Fundamental Scientific Library of NAS RA

Честь : (Record no. 107140)

MARC details
000 -LEADER
fixed length control field 00894nam a2200229 a 4500
001 - CONTROL NUMBER
control field 000292561
003 - CONTROL NUMBER IDENTIFIER
control field AM-YeHGA
005 - DATE AND TIME OF LATEST TRANSACTION
control field 20250617125924.0
008 - FIXED-LENGTH DATA ELEMENTS--GENERAL INFORMATION
fixed length control field 031210s1989 ai r 000 0 rus d
020 ## - INTERNATIONAL STANDARD BOOK NUMBER
International Standard Book Number 5250006450
040 ## - CATALOGING SOURCE
Original cataloging agency AM-YeHGA
041 0# - LANGUAGE CODE
Language code of text/sound track or separate title rus
090 ## - LOCALLY ASSIGNED LC-TYPE CALL NUMBER (OCLC); LOCAL CALL NUMBER (RLIN)
-- 108467
100 1# - MAIN ENTRY--PERSONAL NAME
Personal name Лебедев, Александр Александрович.
245 10 - TITLE STATEMENT
Title Честь :
Remainder of title Духов. судьба и жизн. участь И.Д. Якушкина /
Statement of responsibility, etc. Александр Лебедев.
260 ## - PUBLICATION, DISTRIBUTION, ETC.
Place of publication, distribution, etc. Москва :
Name of publisher, distributor, etc. Политиздат,
Date of publication, distribution, etc. 1989.
300 ## - PHYSICAL DESCRIPTION
Extent 400 с.
Other physical details [7] л. ил.
600 14 - SUBJECT ADDED ENTRY--PERSONAL NAME
Personal name Якушкин, Иван Дмитриевич
653 0# - INDEX TERM--UNCONTROLLED
Uncontrolled term Декабристы
653 0# - INDEX TERM--UNCONTROLLED
Uncontrolled term Революционное движение в России - История - 19 в.
653 0# - INDEX TERM--UNCONTROLLED
Uncontrolled term Общественная мысль в России - История - 19 в.
Holdings
Withdrawn status Lost status Damaged status Not for loan Collection Home library Current library Date acquired Total checkouts Full call number Barcode Date last seen Price effective from Koha item type Public note
        General Fundamental Scientific Library Fundamental Scientific Library 22/12/2016   929Якушкин+[947+957]"1825" 110060418 22/12/2016 22/12/2016 Գրքեր / Books 30 Days Loan


ՀՀ ԳԱԱ հիմնարար գիտական գրադարան
ՀՀ,Երևան 0019
Մարշալ Բաղրամյան 24/6
հեռախոս:(374-10) 52-47-50
Հետադարձ կապ

All site content, except where otherwise noted, is licensed under a
Creative Commons License